Normal view
MARC view
- Wilson, Peter H.
Entry Personal Name
001 - CONTROL NUMBER
- control field: 219662
003 - CONTROL NUMBER IDENTIFIER
- control field: KE-NaSUL
005 - DATE AND TIME OF LATEST TRANSACTION
- control field: 20250826114846.0
008 - FIXED-LENGTH DATA ELEMENTS
- fixed length control field: 250826|| aca||aabn | a|a d
040 ## - CATALOGING SOURCE
- Original cataloging agency: KE-NaSUL
- Transcribing agency: KE-NaSUL
100 ## - HEADING--PERSONAL NAME
- Personal name: Wilson, Peter H.
- Fuller form of name: (Peter Hamish)
670 ## - SOURCE DATA FOUND
- Source citation: Work cat.: (KE-NaSUL)208361: Wilson, Peter H. (Peter Hamish), Absolutism in central Europe, 2000.